<?xml version="1.0" encoding="UTF-8"?>
<record
    xmlns:xsi="http://www.w3.org/2001/XMLSchema-instance"
    xsi:schemaLocation="http://www.loc.gov/MARC21/slim http://www.loc.gov/standards/marcxml/schema/MARC21slim.xsd"
    xmlns="http://www.loc.gov/MARC21/slim">

  <leader>00662nam a22001457a 4500</leader>
  <controlfield tag="003">OSt</controlfield>
  <controlfield tag="005">20150915103715.0</controlfield>
  <controlfield tag="008">150915b        xxu||||| |||| 00| 0 eng d</controlfield>
  <datafield tag="040" ind1=" " ind2=" ">
    <subfield code="c">RUA</subfield>
  </datafield>
  <datafield tag="082" ind1=" " ind2=" ">
    <subfield code="a">AGR KEO 2000 B023 Or.1</subfield>
  </datafield>
  <datafield tag="100" ind1=" " ind2=" ">
    <subfield code="9">494</subfield>
    <subfield code="a">KEO, CHANDRY.</subfield>
  </datafield>
  <datafield tag="245" ind1=" " ind2=" ">
    <subfield code="a">Effect of botanicals on soybean storage pest callosobruchus maculatus &#x17A5;&#x1791;&#x17D2;&#x1792;&#x17B7;&#x1796;&#x179B;&#x1790;&#x17D2;&#x1793;&#x17B6;&#x17C6;&#x1780;&#x179F;&#x17B7;&#x1780;&#x1798;&#x17D2;&#x1798;&#x1795;&#x17D2;&#x179F;&#x17C6;&#x1796;&#x17B8;&#x179A;&#x17BB;&#x1780;&#x17D2;&#x1781;&#x1787;&#x17B6;&#x178F;&#x17B7;&#x1791;&#x17C5;&#x179B;&#x17BE;&#x1781;&#x17D2;&#x1798;&#x17BC;&#x178F;&#x1780;&#x17B6;&#x179B;&#x17CB;&#x17A1;&#x17BC;&#x179F;&#x17BC;&#x1794;&#x17D2;&#x179A;&#x17BC;&#x1782;&#x17BB;&#x179B;&#x200B;&#x200B;&#x1798;&#x17C9;&#x17B6;&#x1782;&#x17BB;&#x179B;&#x17A1;&#x17B6;&#x1791;&#x17BB;&#x179F;&#x200B;&#x179B;&#x17BE;&#x1780;&#x17B6;&#x179A;&#x179F;&#x17D2;&#x178A;&#x17BB;&#x1780;&#x179F;&#x178E;&#x17D2;&#x178A;&#x17C2;&#x1780;&#x179F;&#x17C0;&#x1784;</subfield>
  </datafield>
  <datafield tag="300" ind1=" " ind2=" ">
    <subfield code="a">68p.</subfield>
    <subfield code="b">ill.</subfield>
    <subfield code="c">29cm.</subfield>
  </datafield>
  <datafield tag="942" ind1=" " ind2=" ">
    <subfield code="2">ddc</subfield>
    <subfield code="c">AGR</subfield>
  </datafield>
  <datafield tag="999" ind1=" " ind2=" ">
    <subfield code="c">476</subfield>
    <subfield code="d">476</subfield>
  </datafield>
  <datafield tag="952" ind1=" " ind2=" ">
    <subfield code="0">0</subfield>
    <subfield code="1">0</subfield>
    <subfield code="2">ddc</subfield>
    <subfield code="4">0</subfield>
    <subfield code="6">AGR_KEO_2000_000000000000000_B023_OR_1</subfield>
    <subfield code="7">0</subfield>
    <subfield code="9">2264</subfield>
    <subfield code="a">LBB</subfield>
    <subfield code="b">LBB</subfield>
    <subfield code="d">2015-09-15</subfield>
    <subfield code="o">AGR KEO 2000 B023 Or.1</subfield>
    <subfield code="p">RUA001649</subfield>
    <subfield code="r">2015-09-15</subfield>
    <subfield code="w">2015-09-15</subfield>
    <subfield code="y">AGR</subfield>
  </datafield>
  <datafield tag="952" ind1=" " ind2=" ">
    <subfield code="0">0</subfield>
    <subfield code="1">0</subfield>
    <subfield code="2">ddc</subfield>
    <subfield code="4">0</subfield>
    <subfield code="6">AGR_KEO_2000_000000000000000_B023_OR_2</subfield>
    <subfield code="7">0</subfield>
    <subfield code="9">2265</subfield>
    <subfield code="a">LBB</subfield>
    <subfield code="b">LBB</subfield>
    <subfield code="d">2015-09-15</subfield>
    <subfield code="o">AGR KEO 2000 B023 Or.2</subfield>
    <subfield code="p">RUA001665</subfield>
    <subfield code="r">2015-09-15</subfield>
    <subfield code="w">2015-09-15</subfield>
    <subfield code="y">AGR</subfield>
  </datafield>
  <datafield tag="952" ind1=" " ind2=" ">
    <subfield code="0">0</subfield>
    <subfield code="1">0</subfield>
    <subfield code="2">ddc</subfield>
    <subfield code="4">0</subfield>
    <subfield code="6">AGR_KEO_2000_000000000000000_B023_OR_3</subfield>
    <subfield code="7">0</subfield>
    <subfield code="9">2266</subfield>
    <subfield code="a">LBB</subfield>
    <subfield code="b">LBB</subfield>
    <subfield code="d">2015-09-15</subfield>
    <subfield code="o">AGR KEO 2000 B023 Or.3</subfield>
    <subfield code="p">RUA001881</subfield>
    <subfield code="r">2015-09-15</subfield>
    <subfield code="w">2015-09-15</subfield>
    <subfield code="y">AGR</subfield>
  </datafield>
  <datafield tag="952" ind1=" " ind2=" ">
    <subfield code="0">0</subfield>
    <subfield code="1">0</subfield>
    <subfield code="2">ddc</subfield>
    <subfield code="4">0</subfield>
    <subfield code="6">AGR_KEO_2000_000000000000000_B023_OR_4</subfield>
    <subfield code="7">0</subfield>
    <subfield code="9">2267</subfield>
    <subfield code="a">LBB</subfield>
    <subfield code="b">LBB</subfield>
    <subfield code="d">2015-09-15</subfield>
    <subfield code="o">AGR KEO 2000 B023 Or.4</subfield>
    <subfield code="p">RUA001809</subfield>
    <subfield code="r">2015-09-15</subfield>
    <subfield code="w">2015-09-15</subfield>
    <subfield code="y">AGR</subfield>
  </datafield>
  <datafield tag="952" ind1=" " ind2=" ">
    <subfield code="0">0</subfield>
    <subfield code="1">0</subfield>
    <subfield code="2">ddc</subfield>
    <subfield code="4">0</subfield>
    <subfield code="6">AGR_KEO_2000_000000000000000_B023_OR_5</subfield>
    <subfield code="7">0</subfield>
    <subfield code="9">2268</subfield>
    <subfield code="a">LBB</subfield>
    <subfield code="b">LBB</subfield>
    <subfield code="d">2015-09-15</subfield>
    <subfield code="o">AGR KEO 2000 B023 Or.5</subfield>
    <subfield code="p">RUA001737</subfield>
    <subfield code="r">2015-09-15</subfield>
    <subfield code="w">2015-09-15</subfield>
    <subfield code="y">AGR</subfield>
  </datafield>
  <datafield tag="952" ind1=" " ind2=" ">
    <subfield code="0">0</subfield>
    <subfield code="1">0</subfield>
    <subfield code="2">ddc</subfield>
    <subfield code="4">0</subfield>
    <subfield code="6">AGR_KEO_2000_000000000000000_B023_OR_6</subfield>
    <subfield code="7">0</subfield>
    <subfield code="9">5736</subfield>
    <subfield code="a">LBB</subfield>
    <subfield code="b">LBB</subfield>
    <subfield code="d">2015-09-27</subfield>
    <subfield code="l">1</subfield>
    <subfield code="o">AGR KEO 2000 B023 Or.6</subfield>
    <subfield code="p">RUA008518</subfield>
    <subfield code="r">2025-12-23</subfield>
    <subfield code="s">2025-10-23</subfield>
    <subfield code="w">2015-09-27</subfield>
    <subfield code="y">AGR</subfield>
  </datafield>
</record>
